000 01649nam0a2200373 i 4500
001 RU\NLR\bibl\1886259
005 20260406155721.0
010 _a9785904255190
_91000
021 _aRU
_b2012-17246
_91301
035 _a(nilc)RSL-KNO-005406652
035 _a(NLR Aleph) 001875996
090 _a2725744
_c2725744
100 _a20120319d2011 u y0rusy50 ca
101 1 _arus
_cfre
102 _aRU
105 _aa |||||||||
200 1 _aКак нарисовать человечка
_eстихи и сказки
_e[для детей]
_fМорис Карем
_gсоставил и перевел с фр. Михаил Яснов
_gхудож. Мария Куркова
210 _aТомск
_cСК-С
_d2011
215 _a135 с.
_cцв. ил.
_d22
225 1 _aКарусель
_eдетская серия
_fпроект Андрея Олеара
225 1 _aЛауреат конкурса книжный Томск 2011
327 1 _aСодерж.: Разделы: Вот повезло!: стихи; Когда животные разговаривали: сказки
686 _aШ9(4Б)60я44
700 1 _4070
_aКарем
_bМ.
_f1899-1978
_gМорис
_949063
_3RU\NLR\auth\7766134
702 1 _4730
_7ca
_8rus
_aЯснов
_bМ. Д.
_cписатель, переводчик
_f1946-2020
_gМихаил Давидович
_9117832
_3RU\NLR\AUTH\777908
702 1 _aКуркова
_bМ. В.
_gМария В
_4040
801 0 _aRU
_bRuMoRKP
_c20120319
_grcr
801 1 _aRU
_bРГБ
_c20120319
801 2 _aRU
_bNLR
_c20120402
_grcr
942 _cBOOK
980 _aNBR